00982nam a2200181 i 4500001000700000003000900007005001700016008004100033245018700074260008700261300002000348490015300368651003300521700003300554710003900587830015000626852002400776185561ES-MaACL20250815032629.0160712s1880 po |||| | por d00aDocumentos remettidos da India ; ou Libros das Monções / cpublicado de ordem da Classe das Sciencias Moraes, Politicas e Bellas-lettras da Academia Real das Sciencias de Lisboa. aLisboa : b[s.n.], c1880 (fTypographia da Academia Real das Sciencias de Lisboa) a4 v. ; c28 cm.1 aCollecçao de monumentos ineditos para a historia das conquistas dos portuguezes em Africa, Asia e America ; v7-9, 11. 1ª Serie. Historia de Asia 4aGoa, Daman y Diu-xHistoria.1 aPato, Bulhão (d1829-1912)2 aAcademia das Ciências de Lisboa.00aCollecçao de monumentos ineditos para a historia das conquistas dos portuguezes em Africa, Asia e Americav7-9, 11. 1ª Serie. Historia de Asia aES-MaACLjG-6764-67